[Event "GER-ch U15"]
[Site "Bad Bevensen"]
[Date "1994.08.05"]
[Round "8"]
[White "Gottschlich, Carsten"]
[Black "Rinderle, Matthias"]
[Result "1/2-1/2"]
[WhiteElo "1779"]
[BlackElo "1734"]
[PlyCount "84"]
[EventDate "1994.07.28"]
[EventType "swiss"]
[EventRounds "9"]
[EventCountry "GER"]
[SourceTitle "EXT 2001"]
[Source "ChessBase"]
[SourceDate "2000.11.22"]
[SourceVersion "1"]
[SourceVersionDate "2000.11.22"]
[SourceQuality "1"]

1. c4 Nf6 2. Nf3 g6 3. g3 Bg7 4. Bg2 0-0 5. 0-0 d6 6. Nc3 Nbd7 7. d4 e5 8. dxe5 dxe5 9. e4 c6 10. Qc2 Qe7 11. b3 Re8 12. a4 Bf8 13. Rd1 Nc5 14. Ba3 Qc7 15. Rd2 Bg4 16. Ne1 Ne6 17. Bxf8 Kxf8 18. Qb2 Nd4 19. f3 Be6 20. Nc2 Rad8 21. Rad1 Nxc2 22. Qxc2 Qb6+ 23. Kh1 Rd4 24. Ne2 Rxd2 25. Rxd2 Rd8 26. Rxd8+ Qxd8 27. b4 a5 28. Qc3 Qd1+ 29. Ng1 Nd7 30. bxa5 Qxa4 31. Bh3 Bxh3 32. Nxh3 Qd1+ 33. Kg2 Qd4 34. Qb4+ Nc5 35. Nf2 Kg7 36. Qb6 Qxc4 37. Qc7 Qd4 38. Ng4 Nd3 39. Qe7 Qb2+ 40. Kh3 Nf2+ 41. Nxf2 Qxf2 42. Qxe5+ Kg8 1/2-1/2

[Event "GER-ch U15"]
[Site "Bad Bevensen"]
[Date "1994.08.02"]
[Round "5"]
[White "Scheerer, Christoph"]
[Black "Rinderle, Matthias"]
[Result "1/2-1/2"]
[WhiteElo "1830"]
[BlackElo "1734"]
[PlyCount "62"]
[EventDate "1994.07.28"]
[EventType "swiss"]
[EventRounds "9"]
[EventCountry "GER"]
[SourceTitle "EXT 2001"]
[Source "ChessBase"]
[SourceDate "2000.11.22"]
[SourceVersion "1"]
[SourceVersionDate "2000.11.22"]
[SourceQuality "1"]

1. e4 c5 2. d4 cxd4 3. c3 dxc3 4. Nxc3 Nc6 5. Nf3 d6 6. Bc4 e6 7. Qe2 Nf6 8. 0-0 Be7 9. Rd1 e5 10. h3 0-0 11. Bg5 Be6 12. Bxf6 Bxf6 13. Nb5 Be7 14. Rd2 Qd7 15. Rad1 Rad8 16. a3 a6 17. Bxe6 Qxe6 18. Nc7 Qc8 19. Nd5 Qb8 20. b4 Kh8 21. b5 axb5 22. Qxb5 f5 23. exf5 Rxf5 24. Qxc6 bxc6 25. Nxe7 Rxf3 26. Nxc6 Qc7 27. Nxd8 Rf6 28. Rxd6 Rxd6 29. Rxd6 Qc1+ 30. Kh2 Qf4+ 31. Kg1 Qc1+ 1/2-1/2

[Event "GER-ch U15"]
[Site "Bad Bevensen"]
[Date "1994.07.30"]
[Round "2"]
[White "Rinderle, Matthias"]
[Black "Margraf, Daniel"]
[Result "1/2-1/2"]
[WhiteElo "1734"]
[BlackElo "1622"]
[PlyCount "81"]
[EventDate "1994.07.28"]
[EventType "swiss"]
[EventRounds "9"]
[EventCountry "GER"]
[SourceTitle "EXT 2001"]
[Source "ChessBase"]
[SourceDate "2000.11.22"]
[SourceVersion "1"]
[SourceVersionDate "2000.11.22"]
[SourceQuality "1"]

1. e4 e5 2. Nf3 Nf6 3. d4 Nxe4 4. Bd3 d5 5. Nxe5 Nd7 6. Qe2 Nxe5 7. Bxe4 dxe4 8. Qxe4 Bd6 9. dxe5 Qe7 10. f4 f6 11. 0-0 Bd7 12. Nc3 Bc5+ 13. Kh1 Bc6 14. Nd5 Bxd5 15. Qxd5 c6 16. Qb3 0-0-0 17. e6 Rd5 18. Be3 Rhd8 19. Rae1 g6 20. Bxc5 Rxc5 21. c4 Rd4 22. Qa3 Rdxc4 23. Qxa7 Rd5 24. Qa8+ Kc7 25. Qg8 Rc2 26. Qf7 Kd6 27. Qg8 Kc7 28. Rd1 Rcd2 29. Rxd2 Rxd2 30. Re1 Rd3 31. Qf7 Kd6 32. Qg8 Kc7 33. h3 Rd2 34. Qf7 Kd6 35. Qg8 Kc7 36. Re4 Rd1+ 37. Kh2 Rd5 38. Ra4 Rd8 39. Qf7 Qxf7 40. exf7 Rf8 41. Re4 1/2-1/2